Normal view
MARC view
Entry Personal Name
001 - CONTROL NUMBER
- control field: 1890
003 - CONTROL NUMBER IDENTIFIER
- control field: OSt
005 - DATE AND TIME OF LATEST TRANSACTION
- control field: 20230524192404.0
008 - FIXED-LENGTH DATA ELEMENTS
- fixed length control field: 230524|| aca||aabn | a|a d
040 ## - CATALOGING SOURCE
- Original cataloging agency: OSt
- Transcribing agency: OSt
100 ## - HEADING--PERSONAL NAME
- Personal name: Niklaus Wirth
670 ## - SOURCE DATA FOUND
- Source citation: Work cat.: (OSt)3877: Niklaus Wirth, Algorithm Data Structure Programming, 1998
